=LDR 00000nam 2200000 4500 =001 NUTBA000000000003088 =005 20230302010159 =035 ##$$a 0010-071400000000276 =008 230302###########################0###### =020 ##$$a 979-013-066-x =040 ##$$a NBPDMAT =082 ##$$a 372.7 =090 ##$$a 372.7 $b Ase c =100 ##$$a Asep Budy Mulia =245 1#$$a Cepat Berhitung Dengan Jari : $b Metode Jangka /$c Asep Budy Mulia =260 ##$$a Depok :$b Raih Asa Sukses,$c 2009 =300 ##$$a 93 hlm. : $b ilus. ; $c 21 cm. =650 #4$$a Matematika-SD =084 ##$$a 372.7 ASE c =990 ##$$a 21405672 =990 ##$$a 21405674 =990 ##$$a 21405673 =990 ##$$a 21405675 =990 ##$$a 21405676 =990 ##$$a 21405676 =990 ##$$a 21405672 =990 ##$$a 21405674 =990 ##$$a 21405673 =990 ##$$a 21405675